|
|
|
|
| LEADER |
00000nam0a2200000 4500 |
| 001 |
678968 |
| 005 |
20250304170555.0 |
| 090 |
|
|
|a 678968
|
| 100 |
|
|
|a 20250304d1979 m||y0rusy50 ca
|
| 101 |
0 |
|
|a rus
|
| 102 |
|
|
|a RU
|
| 105 |
|
|
|a a z 000yy
|
| 181 |
|
0 |
|a i
|b e
|
| 182 |
|
0 |
|a n
|
| 183 |
|
0 |
|a nc
|2 RDAcarrier
|
| 200 |
1 |
|
|a Диалоги о воспитании : книга для родителей. Ваш ребенок. Педагогика семейных отношений. Когда наступает зрелость
|f под ред. В. Н. Столетова ; сост. О. Г. Свердлова
|
| 203 |
|
|
|a Текст
|b визуальный
|c непосредственный
|
| 210 |
|
|
|a Москва
|c Педагогика
|d 1979
|
| 215 |
|
|
|a 320 с.
|c ил.
|
| 283 |
|
|
|a volume
|2 RDAcarrier
|
| 606 |
|
|
|a Семейное воспитание
|9 72696
|
| 610 |
1 |
|
|a педагогика
|
| 610 |
1 |
|
|a воспитание
|
| 610 |
1 |
|
|a дети
|
| 610 |
1 |
|
|a ребенок
|
| 610 |
1 |
|
|a семейные отношения
|
| 610 |
1 |
|
|a зрелость
|
| 610 |
1 |
|
|a развитие
|
| 610 |
1 |
|
|a патриотизм
|
| 610 |
1 |
|
|a профессиональный выбор
|
| 610 |
1 |
|
|a творчество
|
| 610 |
1 |
|
|a трудовое воспитание
|
| 686 |
|
|
|2 rubbk
|a Ч49
|
| 702 |
|
1 |
|4 340
|a Столетов
|b В. Н.
|
| 702 |
|
1 |
|4 220
|a Свердлова
|b О. Г.
|
| 801 |
|
0 |
|a RU
|b 63413507
|c 20250304
|
| 830 |
|
|
|a Ретро2025Каталогизация Кузнецова
|
| 850 |
|
|
|a 63413507
|
| 942 |
|
|
|c BK
|